000
00319nam a22001457a 4500
008
231124b ||||| |||| 00| 0 eng d
020
_a
0691020175
041
_a
eng
080
_a
618
082
_a
618SUM
100
_a
15
101
_a
GJINEK
245
_a
ABORTION AND MORAL THEORY
_c
SUMNER.W.L
942
_2
udc
_c
BK
999
_c
60511
_d
60511